Pakistan / (Record no. 184857)

000 -LEADER
fixed length control field 00432 a2200181 4500
003 - CONTROL NUMBER IDENTIFIER
control field Nust
005 - DATE AND TIME OF LATEST TRANSACTION
control field 20251009163257.0
010 ## - LIBRARY OF CONGRESS CONTROL NUMBER
LC control number 97930857
020 ## - INTERNATIONAL STANDARD BOOK NUMBER
International Standard Book Number 0195778383
040 ## - CATALOGING SOURCE
Transcribing agency Nust
082 00 - DEWEY DECIMAL CLASSIFICATION NUMBER
Classification number 954.91,AKH
245 00 - TITLE STATEMENT
Title Pakistan /
250 ## - EDITION STATEMENT
Edition statement [2nd ed.]
260 ## - PUBLICATION, DISTRIBUTION, ETC.
Place of publication, distribution, etc. Karachi :
Name of publisher, distributor, etc. Oxford University Press,
Date of publication, distribution, etc. 1997.
300 ## - PHYSICAL DESCRIPTION
Extent 208 p. :
Other physical details ill. (some col.), col. maps ;
Dimensions 31 cm.
651 #0 - SUBJECT ADDED ENTRY--GEOGRAPHIC NAME
Geographic name Pakistan.
942 ## - ADDED ENTRY ELEMENTS (KOHA)
Source of classification or shelving scheme
Koha item type Book
Holdings
Withdrawn status Lost status Source of classification or shelving scheme Damaged status Not for loan Permanent Location Current Location Shelving location Date acquired Full call number Barcode Date last seen Price effective from Koha item type Public note
          Military College of Signals (MCS) Military College of Signals (MCS) General Stacks 12/12/2016 954.91,AKH MCS28598 12/08/2016 12/12/2016 Book Almirah No.76, Shelf No.3
© 2023 Central Library, National University of Sciences and Technology. All Rights Reserved.